Car and driver. (Record no. 200418978)
[ view plain ]
| 000 -LEADER | |
|---|---|
| fixed length control field | 00904 a2200325 4500 |
| 001 - CONTROL NUMBER | |
| control field | 200418978 |
| 003 - CONTROL NUMBER IDENTIFIER | |
| control field | TR-AnTOB |
| 005 - DATE AND TIME OF LATEST TRANSACTION | |
| control field | 20240115095256.0 |
| 008 - FIXED-LENGTH DATA ELEMENTS--GENERAL INFORMATION | |
| fixed length control field | 160506b19619999xxumr0p 0 0 |
| 022 ## - INTERNATIONAL STANDARD SERIAL NUMBER | |
| International Standard Serial Number | 0008-6002 |
| 040 ## - CATALOGING SOURCE | |
| Original cataloging agency | TR-AnTOB |
| 041 ## - LANGUAGE CODE | |
| Language code of text/sound track or separate title | İngilizce |
| 050 00 - LIBRARY OF CONGRESS CALL NUMBER | |
| Classification number | TL236 |
| Item number | .C3 |
| 099 ## - LOCAL FREE-TEXT CALL NUMBER (OCLC) | |
| Classification number | JOURNAL - CAR |
| 245 00 - TITLE STATEMENT | |
| Title | Car and driver. |
| 246 25 - VARYING FORM OF TITLE | |
| Title proper/short title | Car and driver magazine |
| 264 #1 - PRODUCTION, PUBLICATION, DISTRIBUTION, MANUFACTURE, AND COPYRIGHT NOTICE | |
| Place of production, publication, distribution, manufacture | [New York, N.Y. : |
| Name of producer, publisher, distributor, manufacturer | Ziff-Davis Pub. Co., |
| 300 ## - PHYSICAL DESCRIPTION | |
| Extent | volume : |
| Other physical details | illustrations ; |
| Dimensions | 26 cm. |
| 310 ## - CURRENT PUBLICATION FREQUENCY | |
| Current publication frequency | Monthly. |
| 336 ## - CONTENT TYPE | |
| Content type term | text |
| Source | rdacontent |
| 337 ## - MEDIA TYPE | |
| Media type term | unmediated |
| Source | rdamedia |
| 338 ## - CARRIER TYPE | |
| Carrier type term | volume |
| Source | rdacarrier |
| 362 0# - DATES OF PUBLICATION AND/OR SEQUENTIAL DESIGNATION | |
| Dates of publication and/or sequential designation | Vol. 6, no. 10 (Apr. 1961)- |
| 650 #0 - SUBJECT ADDED ENTRY--TOPICAL TERM | |
| Topical term or geographic name entry element | Sports cars |
| Form subdivision | Periodicals |
| 9 (RLIN) | 96093 |
| Topical term or geographic name entry element | Automobiles |
| Form subdivision | Periodicals |
| 9 (RLIN) | 96092 |
| Topical term or geographic name entry element | Automobile racing |
| Form subdivision | Periodicals |
| 9 (RLIN) | 96091 |
| Topical term or geographic name entry element | Automobile drivers |
| Form subdivision | Periodicals |
| 9 (RLIN) | 96090 |
| 942 ## - ADDED ENTRY ELEMENTS (KOHA) | |
| Koha item type | Continuing Resource |
No items available.
